Top 25 International Rugby Union Teams - Statistics

General Stats
  • This quiz has been taken 1,382 times
    647 since last reset
  • The average score is 21 of 25
Answer Stats
Rank Team % Correct
3 France
99%
2 South Africa
98%
7 Australia
97%
6 England
97%
1 Ireland
97%
4 New Zealand
97%
5 Scotland
97%
8 Wales
96%
9 Fiji
94%
10 Argentina
93%
12 Italy
93%
11 Samoa
92%
15 Tonga
91%
14 Japan
90%
16 Portugal
89%
18 United States
89%
20 Spain
87%
23 Canada
84%
13 Georgia
81%
21 Namibia
77%
19 Romania
73%
17 Uruguay
70%
22 Chile
69%
25 Russia
65%
24 Hong Kong
31%
No matching quizzes found
Score Distribution
Percent of People with Each Score
Percentile by Number Answered
Your Score History
You have not taken this quiz since the last reset